000 00353nam a2200145Ia 4500
008 240624s9999 xx 000 0 und d
041 _aeng
082 _a332.6 BOD
100 _aBODIE ZVI
245 _aINVESTMENTS
250 _a(10th ed.)
260 _c2014
_aNew Delhi
_bTata McGraw-Hill
300 _axxxi, : 1083 : p. : cm. ; 24
365 _cRS
_b33
999 _c25452
_d25452